| 000 | 01243nam a2200313 i 4500 | ||
|---|---|---|---|
| 001 | 000026993 | ||
| 003 | DO-SdBNP | ||
| 005 | 20240927073748.0 | ||
| 007 | ta | ||
| 008 | 110328s1986 dr a 000 ebspa d | ||
| 040 |
_aDO-SdBNP _bspa _cBNPHU _erda |
||
| 082 | 4 |
_a923.17293 _bB171p _222 |
|
| 100 | 1 |
_aPaulino, Aliro, _d1931- _929753 |
|
| 245 | 1 | 0 |
_aBalaguer el hombre del destino / _cAliro Paulino hijo ; prólogo, Juan Gualberto Gómez. |
| 264 |
_aSanto Domingo : _bMundo Diplomático Internacional, _c1986 |
||
| 300 |
_a598 páginas : _bilustraciones, fotos ; _c23 cm. |
||
| 336 |
_2rdacontent _atexto _btxt |
||
| 337 |
_2rdamedia _asin mediación _bn |
||
| 338 |
_2rdacarrier _avolumen _bnc |
||
| 500 | _aRecopilación, apuntes y datos para la biografía del presidente Joaquîn Balaguer | ||
| 500 | _aIncluye datos biográficos del autor en la solapa de la contracubierta | ||
| 590 | _aInventariado, 2019/MFF | ||
| 600 | 1 | 0 |
_a Balaguer, Joaquín, _d1906-2002 _976556 |
| 650 | 4 |
_aPresidentes _zRepública Dominicana _vBiografías _91288 |
|
| 651 | 4 |
_aRepública Dominicana _xPolítica y gobierno _y1930-1961 _9479 |
|
| 700 | 1 |
_aGómez, Juan Gualberto, _eprólogo _954093 |
|
| 910 | _aValidado. Control de calidad MFF | ||
| 942 |
_2ddc _cLBS1 |
||
| 999 |
_c26485 _d26485 |
||